000 00652nam a22002417a 4500
003 UA-OsUOA
001 733
007 ta
008 20050625b un ||||| |||| 00| 0 ukr d
100 _aДавыдова Л.А.
700 _aФальцман В.К.
090 _a65.01(075.8)
_bД13
942 _cBK
040 _aUA-OsUOA
_cUA-OsUOA
_dUA-OsUOA
245 _aЭкономика и управление предприятием
_bУчеб.пособие
300 _a224 с.
955 _a2
080 _a65.01(075.8)
020 _a5-279-02656-5
260 _aМ.
_bФинансы и кредит
_c2003
650 7 _2UDC
999 _c286906
_d286906